00701nam a2200205 i 4500001000700000003000900007005001700016008004100033017001600074020001800090245009300108260005700201300003400258490004500292500001500337504004300352700003700395830004200432852002100474172061ES-MaACL20250808062824.0090612s1990 sp |||| | spa d aM 9373-1990 a84-220-1361-404aLos filósofos del Renacimiento b: selección de textos / cpor Clemente Fernández. aMadrid : bBiblioteca de Autores Cristianos, c1990. aXIII, 627 p., 1 h. ; c20 cm.1 aBiblioteca de autores cristianos ; v506 aÍndices. aIncluye información bibliográfica.0 aFernández, Clemente c, (S.I.)00aBiblioteca de autores cristianosv506 aES-MaACLjJ-493